| 000 | 00389nam a2200157Ia 4500 | ||
|---|---|---|---|
| 005 | 20240618022152.0 | ||
| 008 | 240331s9999 xx 000 0 und d | ||
| 082 |
_bGAN _a891.48 |
||
| 100 | _aGanesalingan, S | ||
| 245 | 0 |
_aVanmurai vadukkal _cS. Ganeshalingan |
|
| 260 |
_aChennai _bKumaran Publishers _c1995 |
||
| 300 | _a184 p ., | ||
| 650 | _aWoman | ||
| 650 | _aDomination | ||
| 942 | _cL | ||
| 999 |
_c3905 _d3905 |
||